|
|
|
|
| LEADER |
00000nam a22000007a 4500 |
| 005 |
2018071107027.0 |
| 007 |
cr|||| |||| |
| 008 |
180711s2012 es |||||s|||| 00||0 spa d |
| 020 |
|
|
|a 978-84-9123-412-8
|
| 035 |
|
|
|a 21759
|
| 040 |
|
|
|a vLex
|
| 090 |
|
|
|c 8015
|d 8015
|
| 100 |
1 |
|
|a Encabo Vera, Miguel ℓngel
|
| 245 |
1 |
0 |
|a Derechos de la personalidad
|h [Recurso electrn̤ico] /
|c Miguel ℓngel Encabo Vera
|
| 256 |
|
|
|a Servicio en ln̕ea
|
| 260 |
|
|
|a Madrid:
|b Marcial Pons,
|c 2012
|
| 300 |
|
|
|a 1 recurso electrn̤ico
|
| 500 |
|
|
|a El presente estudio sobre los derechos de la personalidad aborda individualmente el contenido de cada uno de los derechos en cuestin̤: vida, integridad fs̕ica y psq̕uica, libertad de expresin̤ e informacin̤, honor, intimidad, imagen, voz e identidad de las personas fs̕icas, dentro del contexto actual y en una aproximacin̤ sistemt̀ica que permite interrelacionar la proteccin̤ por parte del Derecho pb︢lico con la del Derecho privado. Se trata, adems̀, de una obra elaborada desde un punto de vista civilista, en coherencia con la unidad del ordenamiento jurd̕ico respecto a las diversas manifestaciones del ser humano, y con el principio de respeto al derecho a la singularidad y dignidad de cada una de las personas.
|
| 506 |
1 |
|
|a Disponible solo en los productos indicados
|d vLex Global
|d vLex Global (Academic Edition, excluding Law Schools)
|d vLex Global (U.S. Academic Edition, Law Schools)
|d vLex Global (U.S. Academic Edition, excluding Law Schools)
|d vLex Global (Academic Edition, Law Schools)
|
| 650 |
0 |
4 |
|a Derecho Civil
|z Espaą
|
| 650 |
0 |
4 |
|a Persona
|z Espaą
|
| 740 |
0 |
|
|a vLex Libros (Servicio en ln̕ea)
|
| 856 |
4 |
0 |
|u http://vlex.com/source/derechos-de-la-personalidad-21759
|z Acceso restringido
|
| 942 |
|
|
|c BOOK
|
| 999 |
0 |
|
|a Civil Law
|
| 999 |
0 |
|
|a Person
|